[Event "Sydney International Open"]
[Site "Parramatta, NSW"]
[Date "2010.04.10"]
[Round "8.31"]
[White "Ruan, Harry"]
[Black "Descallar, Levi"]
[Result "1-0"]
[WhiteElo "1801"]
[BlackElo "1979"]
[PlyCount "73"]
[EventDate "2010.04.07"]
[EventType "swiss"]
[EventRounds "9"]
[EventCountry "AUS"]
[SourceDate "2010.04.07"]

1. e4 c6 2. d4 d5 3. f3 dxe4 4. fxe4 g6 5. Nf3 Bg7 6. Be2 Nf6 7. Nc3 Qc7 8. O-O
Nbd7 9. e5 Nd5 10. Nxd5 cxd5 11. Bd3 Nf8 12. Bb5+ Bd7 13. Bxd7+ Nxd7 14. Qd2
O-O-O 15. Ng5 Rdf8 16. Nxf7 Rhg8 17. Ng5 Qb6 18. Qc3+ Kb8 19. Qb3 Rc8 20. Qxd5
Nxe5 21. Bf4 Rgd8 22. Bxe5+ Ka8 23. Qe4 Bxe5 24. Qxe5 Rxd4 25. Kh1 a6 26. c3
Rd2 27. Qe6 Rc6 28. Qb3 Qe3 29. Nf3 Rf2 30. Rxf2 Qxf2 31. Rd1 Rb6 32. Qc4 Qxb2
33. Ne5 Qb1 34. Rg1 Rb2 35. Nd7 a5 36. Qc7 Qxa2 37. Qb8# 1-0

[Event "Sydney International Open"]
[Site "Parramatta, NSW"]
[Date "2010.04.10"]
[Round "8.33"]
[White "Cheung, Benjamin"]
[Black "Yu, Sally"]
[Result "1-0"]
[WhiteElo "1946"]
[BlackElo "1933"]
[PlyCount "93"]
[EventDate "2010.04.07"]
[EventType "swiss"]
[EventRounds "9"]
[EventCountry "AUS"]
[SourceDate "2010.04.07"]

1. e4 e5 2. Nf3 Nc6 3. d4 exd4 4. Bc4 Nf6 5. e5 d5 6. Bb5 Ne4 7. Nxd4 Bd7 8.
Bxc6 bxc6 9. O-O Bc5 10. Be3 Qe7 11. f3 Nd6 12. f4 Nf5 13. Nxf5 Bxf5 14. Bxc5
Qxc5+ 15. Rf2 Rb8 16. Nc3 Rb4 17. Qd2 Rc4 18. Rc1 O-O 19. a3 a5 20. Na2 Rd4 21.
Qc3 Qb6 22. Qb3 Qa7 23. Qg3 a4 24. Nb4 Qb6 25. Kh1 c5 26. c3 cxb4 27. cxd4 bxa3
28. bxa3 Qxd4 29. Rff1 Rc8 30. Rfd1 Qe4 31. Qf3 c6 32. Qxe4 Bxe4 33. Rd4 c5 34.
Rxa4 c4 35. Kg1 Kf8 36. Kf2 Rb8 37. Rb4 Ra8 38. a4 Ke7 39. g3 Ra7 40. Ke3 Kd7
41. Kd4 Kc6 42. Rbxc4+ dxc4 43. Rxc4+ Kd7 44. Kxe4 g6 45. Kd4 Ra5 46. Kc3 Ke6
47. Rd4 1-0

[Event "Sydney International Open"]
[Site "Parramatta, NSW"]
[Date "2010.04.10"]
[Round "8.34"]
[White "Voon, Richard"]
[Black "Kumar, Manoj"]
[Result "0-1"]
[WhiteElo "1915"]
[BlackElo "2040"]
[PlyCount "144"]
[EventDate "2010.04.07"]
[EventType "swiss"]
[EventRounds "9"]
[EventCountry "AUS"]
[SourceDate "2010.04.07"]

1. Nf3 Nf6 2. c4 e6 3. g3 c6 4. Bg2 d5 5. d4 Be7 6. O-O O-O 7. Qc2 b6 8. Rd1
Bb7 9. Nbd2 Nbd7 10. b3 Rc8 11. Bb2 c5 12. e3 dxc4 13. bxc4 Qc7 14. Rac1 Rfd8
15. Qb3 Qb8 16. Nh4 Qa8 17. Bxb7 Qxb7 18. Ng2 Nb8 19. Qd3 Nc6 20. Nb3 Ne5 21.
Qe2 Nf3+ 22. Kh1 Ng5 23. h4 Nge4 24. Nd2 h6 25. Nxe4 Qxe4 26. Re1 Rd7 27. Kg1
Rdc7 28. Qf1 Qf3 29. Rc2 cxd4 30. exd4 Nd5 31. Rec1 Qg4 32. a3 Bf6 33. Qd3 Ne7
34. Re2 Qf5 35. Qb3 Qg4 36. Qd3 Qf5 37. Qb3 Nc6 38. Ne3 Qf3 39. Rd2 Ne7 40. Rc3
Qe4 41. Rc1 Qf3 42. Qb5 Qe4 43. Rcd1 Rd8 44. a4 Rcd7 45. a5 bxa5 46. Qxa5 Bxd4
47. Qa4 Nc6 48. Bxd4 Nxd4 49. Rxd4 Rxd4 50. Ra1 R4d7 51. Qa5 f5 52. Re1 f4 53.
Ng2 Qxc4 54. Nxf4 Rd1 55. Kh2 Qd4 56. Kg2 Rxe1 57. Qxe1 e5 58. Ng6 Qd5+ 59. Kh2
Re8 60. h5 a5 61. Qe3 a4 62. Qa7 Qd4 63. Ne7+ Kh7 64. Qb7 Qxf2+ 65. Kh3 Qf1+
66. Kh2 Qe2+ 67. Kg1 Qd1+ 68. Kg2 Qc2+ 69. Kh3 a3 70. Qd7 Rxe7 71. Qxe7 a2 72.
Qxe5 Qb1 0-1

[Event "Sydney International Open"]
[Site "Parramatta, NSW"]
[Date "2010.04.10"]
[Round "8.35"]
[White "Chen, Peng Yu"]
[Black "Christensen, Joshua"]
[Result "1/2-1/2"]
[WhiteElo "1934"]
[BlackElo "1838"]
[PlyCount "65"]
[EventDate "2010.04.07"]
[EventType "swiss"]
[EventRounds "9"]
[EventCountry "AUS"]
[SourceDate "2010.04.07"]

1. e4 d5 2. exd5 Qxd5 3. Nc3 Qa5 4. d4 c6 5. Nf3 Nf6 6. Bc4 Bf5 7. Bd2 Qc7 8.
Ne5 e6 9. Bf4 Bd6 10. Qe2 Nbd7 11. Bg3 O-O 12. O-O a6 13. Nxd7 Qxd7 14. Be5 Nd5
15. Ne4 Bxe4 16. Qxe4 Bxe5 17. dxe5 Qe7 18. Rad1 b5 19. Bd3 g6 20. c4 bxc4 21.
Bxc4 Rab8 22. Bb3 Rb4 23. Rd4 Rfb8 24. Rc1 c5 25. Rxb4 Rxb4 26. Rc4 Qc7 27.
Rxb4 cxb4 28. g3 Qc1+ 29. Kg2 Qxb2 30. Bxd5 exd5 31. Qxd5 Kg7 32. e6 fxe6 33.
Qxe6 1/2-1/2

[Event "Sydney International Open"]
[Site "Parramatta, NSW"]
[Date "2010.04.10"]
[Round "8.36"]
[White "Buciu, Aurel John"]
[Black "Goundar, Sanmogam"]
[Result "1/2-1/2"]
[WhiteElo "1701"]
[BlackElo "1929"]
[PlyCount "35"]
[EventDate "2010.04.07"]
[EventType "swiss"]
[EventRounds "9"]
[EventCountry "AUS"]
[SourceDate "2010.04.07"]

1. d4 Nf6 2. Bf4 g6 3. Nf3 Bg7 4. e3 O-O 5. Nbd2 d6 6. c3 Nc6 7. Bd3 e5 8. Bg5
Qe8 9. Bxf6 Bxf6 10. d5 Nb8 11. O-O Nd7 12. e4 Bg7 13. a3 Nc5 14. Bc2 f5 15. b4
Nxe4 16. Nxe4 fxe4 17. Bxe4 Bg4 18. Qd3 1/2-1/2

[Event "Sydney International Open"]
[Site "Parramatta, NSW"]
[Date "2010.04.10"]
[Round "8.37"]
[White "Lester, George"]
[Black "Brockman, Roland"]
[Result "0-1"]
[WhiteElo "1887"]
[BlackElo "1743"]
[PlyCount "46"]
[EventDate "2010.04.07"]
[EventType "swiss"]
[EventRounds "9"]
[EventCountry "AUS"]
[SourceDate "2010.04.07"]

1. d4 d5 2. c4 e6 3. Nc3 Be7 4. cxd5 exd5 5. Bf4 Nf6 6. Qc2 Nc6 7. e3 Nb4 8.
Qd2 Bf5 9. Rc1 O-O 10. a3 Nc6 11. b4 a6 12. f3 Re8 13. g4 Bg6 14. h4 h5 15. g5
Nh7 16. Bh3 Nf8 17. Qh2 Bd6 18. Bxd6 cxd6 19. Kf2 a5 20. b5 Ne7 21. e4 dxe4 22.
Nxe4 Bxe4 23. fxe4 Qb6 0-1

[Event "Sydney International Open"]
[Site "Parramatta, NSW"]
[Date "2010.04.11"]
[Round "9.2"]
[White "Kunte, Abhijit"]
[Black "Fernandez, Daniel Howard"]
[Result "1/2-1/2"]
[WhiteElo "2528"]
[BlackElo "2299"]
[PlyCount "114"]
[EventDate "2010.04.07"]
[EventType "swiss"]
[EventRounds "9"]
[EventCountry "AUS"]
[SourceDate "2010.04.07"]

1. d4 g6 2. Nf3 Bg7 3. c4 d6 4. Nc3 Nf6 5. e4 O-O 6. h3 c6 7. Be3 a6 8. Qc2 b5
9. a3 Bb7 10. c5 a5 11. Be2 Nfd7 12. O-O dxc5 13. dxc5 Na6 14. Rfd1 Qc7 15. Na2
Rad8 16. Rab1 a4 17. Nc1 e5 18. b3 axb3 19. Nxb3 Bc8 20. a4 bxa4 21. Nbd2 Rfe8
22. Bc4 h6 23. Qa2 Ndxc5 24. Bxa6 Nxa6 25. Bb6 Qe7 26. Bxd8 Rxd8 27. Qxa4 Nc5
28. Qa3 Bf8 29. Nc4 Rxd1+ 30. Rxd1 f6 31. Qa8 Be6 32. Na5 Nxe4 33. Nxc6 Qc5 34.
Ne7+ Qxe7 35. Qxe4 Qf7 36. Nh2 Bg7 37. Qc6 Qe7 38. Rd6 Bf7 39. Rd7 Qe6 40. Qc8+
Kh7 41. Qc7 Kg8 42. Ng4 f5 43. Re7 fxg4 44. Rxe6 Bxe6 45. hxg4 Kh7 46. f3 Ba2
47. Qe7 Bb1 48. Kf2 g5 {Black offered a draw.} 49. Ke3 Bg6 50. Kd2 Kg8 51. Qe6+
Kh7 52. g3 Bh8 {Black offered a draw.} 53. Ke3 Bg7 54. f4 exf4+ 55. gxf4 gxf4+
56. Kxf4 Bh8 57. g5 h5 1/2-1/2

[Event "Sydney International Open"]
[Site "Parramatta, NSW"]
[Date "2010.04.11"]
[Round "9.3"]
[White "Barua, Dibyendu"]
[Black "Bojkov, Dejan"]
[Result "0-1"]
[WhiteElo "2479"]
[BlackElo "2505"]
[PlyCount "88"]
[EventDate "2010.04.07"]
[EventType "swiss"]
[EventRounds "9"]
[EventCountry "AUS"]
[SourceDate "2010.04.07"]

1. e4 e5 2. Bc4 Nf6 3. d3 Nc6 4. Nf3 Be7 5. O-O O-O 6. Bb3 d6 7. c3 Na5 8. Bc2
c5 9. a3 Nc6 10. h3 Re8 11. Re1 h6 12. b4 a6 13. Nbd2 Bf8 14. Bb2 Qc7 15. d4
exd4 16. cxd4 cxb4 17. d5 Ne5 18. axb4 Bd7 19. Qb1 Nh5 20. Bd3 Nxd3 21. Qxd3
Nf4 22. Qb3 Rac8 23. Nd4 Qd8 24. N2f3 Qb6 25. h4 Ng6 26. Re3 Ne5 27. Nd2 Qd8
28. g3 Qb6 29. Kg2 Bb5 30. Nxb5 Qxb5 31. Ra5 Qb6 32. Ra4 Ng4 33. Rf3 Qb5 34.
Ra5 Qe2 35. Qd3 Qxd3 36. Rxd3 Rc2 37. Ba1 f5 38. exf5 h5 39. Kf3 g6 40. fxg6
Bh6 41. Bc3 Rf8+ 42. Ke2 Rxf2+ 43. Kd1 Rxc3 44. Rxc3 Bxd2 0-1

[Event "Sydney International Open"]
[Site "Parramatta, NSW"]
[Date "2010.04.11"]
[Round "9.5"]
[White "Panchanathan, Magesh Chandran"]
[Black "Illingworth, Max"]
[Result "1-0"]
[WhiteElo "2543"]
[BlackElo "2289"]
[PlyCount "59"]
[EventDate "2010.04.07"]
[EventType "swiss"]
[EventRounds "9"]
[EventCountry "AUS"]
[SourceDate "2010.04.07"]

1. Nf3 g6 2. d4 Bg7 3. e4 d6 4. Nc3 a6 5. a4 b6 6. Bc4 e6 7. h4 h6 8. Ne2 Ne7
9. Be3 Nd7 10. Ng3 Bb7 11. Bd3 Nf6 12. c3 Qd7 13. Qe2 O-O 14. h5 Ng4 15. Bd2 e5
16. dxe5 dxe5 17. Bc4 g5 18. Nxg5 hxg5 19. Bxg5 Nh6 20. Rd1 Qe8 21. Nf5 Nexf5
22. exf5 Kh7 23. f6 Bh8 24. Rh4 e4 25. Rd5 Rd8 26. Rxe4 Bxd5 27. Bxd5 Qd7 28.
Re5 Ng4 29. Qe4+ Kg8 30. Qg6+ 1-0

[Event "Sydney International Open"]
[Site "Parramatta, NSW"]
[Date "2010.04.11"]
[Round "9.6"]
[White "Smerdon, David"]
[Black "Solomon, Stephen"]
[Result "1/2-1/2"]
[WhiteElo "2530"]
[BlackElo "2426"]
[PlyCount "119"]
[EventDate "2010.04.07"]
[EventType "swiss"]
[EventRounds "9"]
[EventCountry "AUS"]
[SourceDate "2010.04.07"]

1. e4 e6 2. d4 d5 3. e5 c5 4. c3 Nc6 5. Nf3 Qb6 6. a3 Nh6 7. b4 cxd4 8. cxd4
Nf5 9. Bb2 Be7 10. Be2 Bd7 11. Qd2 Rc8 12. h4 h5 13. g3 g6 14. O-O a6 15. Kg2
O-O 16. Nc3 Ncxd4 17. Nxd5 Nxf3 18. Nxe7+ Nxe7 19. Qxd7 Nxh4+ 20. gxh4 Nf5 21.
Qd3 Rfd8 22. Qe4 Rd2 23. Rfc1 Rxc1 24. Bxc1 Rd4 25. Qc2 Qd8 26. Bg5 Qd5+ 27.
Kh3 Rg4 28. Bxg4 hxg4+ 29. Kxg4 Qd4+ 30. Kh3 Qxa1 31. Qc8+ Kh7 32. Qxb7 Qf1+
33. Qg2 Qa1 34. Qb7 Qf1+ 35. Qg2 Qd3+ 36. Kh2 Qd4 37. Bf6 Qf4+ 38. Kh3 Qc1 39.
Qf3 Nd4 40. Bg5 Qf1+ 41. Qg2 Qd3+ 42. Be3 Nf5 43. a4 Qc4 44. Qg4 Qd5 45. Kh2
Qxe5+ 46. Qf4 Qd5 47. Qc7 {White offered a draw.} e5 48. Bg5 e4 49. b5 Qa2 50.
Qb6 e3 51. Bxe3 Qxa4 52. Qf6 Qa2 53. Qxa6 Qb2 54. Qb7 Kg7 55. Ba7 Qb4 56. Qd5
Qxh4+ 57. Kg1 Qg5+ 58. Qg2 Qc1+ 59. Qf1 Qg5+ 60. Qg2 1/2-1/2

[Event "Sydney International Open"]
[Site "Parramatta, NSW"]
[Date "2010.04.11"]
[Round "9.7"]
[White "Roy Chowdhury, Saptarshi"]
[Black "Macak, Stefan"]
[Result "1/2-1/2"]
[WhiteElo "2429"]
[BlackElo "2470"]
[PlyCount "22"]
[EventDate "2010.04.07"]
[EventType "swiss"]
[EventRounds "9"]
[EventCountry "AUS"]
[SourceDate "2010.04.07"]

1. Nf3 Nf6 2. d4 g6 3. Nbd2 d5 4. e3 Bg7 5. b4 O-O 6. Bb2 Bf5 7. c4 c6 8. Be2
Nbd7 9. O-O dxc4 10. Nxc4 Nb6 11. Na5 Rb8 1/2-1/2

[Event "Sydney International Open"]
[Site "Parramatta, NSW"]
[Date "2010.04.11"]
[Round "9.8"]
[White "Xie, George"]
[Black "Rej, Tomek"]
[Result "1-0"]
[WhiteElo "2470"]
[BlackElo "2348"]
[PlyCount "63"]
[EventDate "2010.04.07"]
[EventType "swiss"]
[EventRounds "9"]
[EventCountry "AUS"]
[SourceDate "2010.04.07"]

1. d4 Nf6 2. Nf3 e6 3. Bg5 h6 4. Bh4 c5 5. e3 b6 6. Nbd2 Bb7 7. Bd3 Nc6 8. c3
Be7 9. O-O O-O 10. Qe2 Rc8 11. Rad1 cxd4 12. Bxf6 Bxf6 13. exd4 d5 14. Ne5 Bxe5
15. dxe5 f6 16. exf6 Qxf6 17. Bb1 Rcd8 18. f4 d4 19. Ne4 Qf7 20. a3 Qe7 21. Ng3
Qf6 22. Nh5 Qe7 23. Qd3 Rf5 24. Ng3 dxc3 25. Nxf5 Qc5+ 26. Qe3 Rxd1 27. Rxd1 c2
28. Bxc2 Qxc2 29. Qxe6+ Kh7 30. Ne3 Qe2 31. f5 Nd4 32. Rxd4 1-0

[Event "Sydney International Open"]
[Site "Parramatta, NSW"]
[Date "2010.04.11"]
[Round "9.9"]
[White "Sharma, Dinesh Kumar"]
[Black "Rujevic, Mirko"]
[Result "1-0"]
[WhiteElo "2361"]
[BlackElo "2261"]
[PlyCount "127"]
[EventDate "2010.04.07"]
[EventType "swiss"]
[EventRounds "9"]
[EventCountry "AUS"]
[SourceDate "2010.04.07"]

1. e4 e5 2. Nf3 Nc6 3. Bb5 a6 4. Ba4 Nf6 5. O-O b5 6. Bb3 Be7 7. Re1 d6 8. c3
O-O 9. h3 Na5 10. Bc2 c5 11. d4 Qc7 12. Nbd2 cxd4 13. cxd4 Nc6 14. Nb3 a5 15.
Be3 Nb4 16. Bb1 a4 17. Nbd2 a3 18. bxa3 Rxa3 19. Nb3 Be6 20. d5 Bd7 21. Qd2 Ra4
22. Rc1 Qb8 23. Qb2 Bd8 24. a3 Na6 25. Nbd2 Nh5 26. Bc2 Ra5 27. Nf1 Nc7 28. Bd1
Nf4 29. Qd2 Na6 30. Ng3 Ng6 31. Qb2 Nc5 32. Nd2 Ra8 33. Rab1 Na6 34. Be2 Nc7
35. Bg4 Bxg4 36. hxg4 Ne7 37. Qb4 Ra6 38. a4 Nexd5 39. exd5 Nxd5 40. Qxb5 Qa8
41. Nc4 Rxa4 42. Nf5 Nxe3 43. Nfxe3 Ra2 44. Qb7 Bh4 45. g3 Bg5 46. Qxa8 Rfxa8
47. Rd1 g6 48. Rxd6 R8a7 49. Rd5 Re7 50. Rxe5 Rxe5 51. Nxe5 Bxe3 52. fxe3 f6
53. Nf3 Kg7 54. Kf1 Ra4 55. Nd4 Ra2 56. Rb5 Kh6 57. Rd5 Rb2 58. Nf3 Ra2 59. Rd6
Kg7 60. Nd2 Ra4 61. Rd4 Ra2 62. Ke2 Kh6 63. Kf3 Ra6 64. Ne4 1-0

[Event "Sydney International Open"]
[Site "Parramatta, NSW"]
[Date "2010.04.11"]
[Round "9.10"]
[White "Teichmann, Erik OMC"]
[Black "Steadman, Michael"]
[Result "1-0"]
[WhiteElo "2325"]
[BlackElo "2264"]
[PlyCount "59"]
[EventDate "2010.04.07"]
[EventType "swiss"]
[EventRounds "9"]
[EventCountry "AUS"]
[SourceDate "2010.04.07"]

1. b4 e5 2. Bb2 Bxb4 3. Bxe5 Nf6 4. c4 Nc6 5. Bb2 O-O 6. e3 Re8 7. Nf3 d5 8. a3
Ba5 9. cxd5 Nxd5 10. Be2 Bf5 11. O-O Qe7 12. Qa4 a6 13. Nd4 Nxd4 14. Qxd4 Nf6
15. Nc3 c5 16. Qf4 Qd7 17. Bf3 Bc7 18. Qh4 Qxd2 19. Na4 Ne4 20. Rac1 Bd8 21.
Qf4 Bg6 22. h4 h5 23. Rc4 Qd3 24. Rfc1 Rc8 25. Nxc5 Nxc5 26. Rxc5 Rxc5 27. Rxc5
Qb1+ 28. Bc1 Be7 29. Rc3 Bxa3 30. Qa4 1-0

[Event "Sydney International Open"]
[Site "Parramatta, NSW"]
[Date "2010.04.11"]
[Round "9.11"]
[White "Johansen, Darryl"]
[Black "Shen, Daniel"]
[Result "1-0"]
[WhiteElo "2457"]
[BlackElo "2197"]
[PlyCount "101"]
[EventDate "2010.04.07"]
[EventType "swiss"]
[EventRounds "9"]
[EventCountry "AUS"]
[SourceDate "2010.04.07"]

1. c4 Nf6 2. Nc3 e6 3. e4 d5 4. e5 d4 5. exf6 dxc3 6. bxc3 Qxf6 7. Nf3 Nc6 8.
d4 h6 9. Bd3 Bd6 10. O-O O-O 11. Qe2 Ne7 12. c5 Bf4 13. Bb2 c6 14. c4 Ng6 15.
g3 Bb8 16. Qe3 Re8 17. Ne5 Bxe5 18. dxe5 Qe7 19. Rfd1 Rd8 20. Be4 Bd7 21. Rd6
Be8 22. Rad1 Nf8 23. Bc2 Nd7 24. Be4 Nf8 25. h4 Rac8 26. Qd2 Nd7 27. Bd4 Nf8
28. Bc3 Rd7 29. Qe3 Rdd8 30. a4 Ra8 31. a5 a6 32. Bc2 Rab8 33. Qf3 Rdc8 34. Qg4
Kh8 35. Bd4 Qc7 36. Ra1 Qe7 37. Be3 Ra8 38. Bd4 Rab8 39. Ra3 Ra8 40. Rf3 Rab8
41. Qe4 Kg8 42. Bc3 Kh8 43. Bd2 h5 44. Bg5 Qc7 45. Ra3 Kg8 46. Bd2 Qe7 47. Re3
f6 48. exf6 gxf6 49. Qf4 e5 50. Qh6 Nd7 51. Bf5 1-0

[Event "Sydney International Open"]
[Site "Parramatta, NSW"]
[Date "2010.04.11"]
[Round "9.12"]
[White "Ayvazyan, Armen"]
[Black "Lane, Gary"]
[Result "0-1"]
[WhiteElo "2222"]
[BlackElo "2380"]
[PlyCount "68"]
[EventDate "2010.04.07"]
[EventType "swiss"]
[EventRounds "9"]
[EventCountry "AUS"]
[SourceDate "2010.04.07"]

1. d4 d5 2. c4 c6 3. Nc3 Nf6 4. e3 e6 5. Bd2 Nbd7 6. Qc2 Bd6 7. c5 Bc7 8. f4 b6
9. b4 a5 10. b5 bxc5 11. bxc6 Nb8 12. Bb5 Qd6 13. Rc1 O-O 14. dxc5 Qxc5 15. Qd3
Qd6 16. Nce2 Ne4 17. Nf3 Na6 18. O-O f6 19. Rfd1 g5 20. Be1 Nac5 21. Qc2 Qe7
22. Bc3 Nxc3 23. Nxc3 gxf4 24. Nxd5 exd5 25. Qxc5 Qxc5 26. Rxc5 fxe3 27. Rcxd5
Be6 28. R5d3 Bxa2 29. Kf1 Rfe8 30. Ke2 Rab8 31. Nd4 Bf7 32. g4 a4 33. Rxe3
Rxe3+ 34. Kxe3 a3 0-1

[Event "Sydney International Open"]
[Site "Parramatta, NSW"]
[Date "2010.04.11"]
[Round "9.15"]
[White "Charles, Gareth"]
[Black "Ikeda, Junta"]
[Result "1/2-1/2"]
[WhiteElo "2148"]
[BlackElo "2302"]
[PlyCount "38"]
[EventDate "2010.04.07"]
[EventType "swiss"]
[EventRounds "9"]
[EventCountry "AUS"]
[SourceDate "2010.04.07"]

1. d4 Nf6 2. Nf3 e6 3. c4 Bb4+ 4. Nbd2 b6 5. e3 Bb7 6. Bd3 O-O 7. O-O Re8 8. a3
Bf8 9. e4 d6 10. b4 c5 11. d5 Nbd7 12. Re1 g6 13. Bb2 Bg7 14. Nb3 Nh5 15. Bxg7
Kxg7 16. bxc5 dxc5 17. Bf1 e5 18. g3 Qf6 19. Nfd2 Rad8 1/2-1/2

[Event "Sydney International Open"]
[Site "Parramatta, NSW"]
[Date "2010.04.11"]
[Round "9.16"]
[White "Shaw, Robin A"]
[Black "Samar, Raul"]
[Result "0-1"]
[WhiteElo "1879"]
[BlackElo "2235"]
[PlyCount "94"]
[EventDate "2010.04.07"]
[EventType "swiss"]
[EventRounds "9"]
[EventCountry "AUS"]
[SourceDate "2010.04.07"]

1. e4 c5 2. d4 cxd4 3. c3 dxc3 4. Nxc3 d6 5. Nf3 a6 6. a4 Nc6 7. Bc4 e6 8. O-O
Nf6 9. Qe2 Qc7 10. Bf4 Ne5 11. Bxe5 dxe5 12. Rfd1 Bc5 13. Ne1 O-O 14. Ba2 Bd7
15. Rac1 Bc6 16. Nd3 Bd4 17. Nb4 Qb6 18. Nxc6 bxc6 19. Bc4 a5 20. Rd3 Rad8 21.
b3 Rd6 22. Kf1 Rfd8 23. g3 h6 24. f4 exf4 25. gxf4 e5 26. f5 Kf8 27. Qf3 Bxc3
28. Rcxc3 Rd4 29. Rxd4 Rxd4 30. Re3 Qb4 31. Kf2 Qd2+ 32. Re2 Qg5 33. h3 Qh4+
34. Kg2 Rxe4 35. Rxe4 Qxe4 36. Qxe4 Nxe4 37. Bd3 Nd6 38. Kf3 c5 39. Be4 Ke7 40.
Bc2 Kf6 41. Bd3 Kg5 42. Bc2 Kh4 43. Kg2 Kg5 44. Kf3 Kf6 45. Ke3 Nxf5+ 46. Ke4
Ke6 47. Bd3 Nd6+ 0-1

[Event "Sydney International Open"]
[Site "Parramatta, NSW"]
[Date "2010.04.11"]
[Round "9.17"]
[White "Stojic, Dusan"]
[Black "Stojic, Svetozar"]
[Result "1/2-1/2"]
[WhiteElo "2192"]
[BlackElo "2013"]
[PlyCount "33"]
[EventDate "2010.04.07"]
[EventType "swiss"]
[EventRounds "9"]
[EventCountry "AUS"]
[SourceDate "2010.04.07"]

1. e4 c5 2. Nf3 Nf6 3. Nc3 d5 4. Bb5+ Bd7 5. Bxd7+ Qxd7 6. e5 Ne4 7. O-O Nc6 8.
Qe2 Nxc3 9. dxc3 e6 10. c4 Be7 11. Bf4 dxc4 12. Qxc4 O-O 13. h4 Rad8 14. Qe2
Qc7 15. Rfd1 Rxd1+ 16. Rxd1 Rd8 17. c3 1/2-1/2

[Event "Sydney International Open"]
[Site "Parramatta, NSW"]
[Date "2010.04.11"]
[Round "9.19"]
[White "Ruan, Jack"]
[Black "Monir, Arman"]
[Result "0-1"]
[WhiteElo "1896"]
[BlackElo "2139"]
[PlyCount "56"]
[EventDate "2010.04.07"]
[EventType "swiss"]
[EventRounds "9"]
[EventCountry "AUS"]
[SourceDate "2010.04.07"]

1. d4 Nf6 2. c4 g6 3. Nc3 d5 4. Bg5 c6 5. Bxf6 exf6 6. e3 dxc4 7. Bxc4 Bg7 8.
Nge2 O-O 9. O-O f5 10. Nf4 Nd7 11. Qc2 Qh4 12. Be2 Nf6 13. g3 Qh6 14. Bf3 Re8
15. Bg2 Ng4 16. h3 Nf6 17. b4 Bf8 18. Rab1 Bd7 19. Nd3 f4 20. gxf4 Bxh3 21. Ne5
Bf5 22. Qb3 Rxe5 23. fxe5 Ng4 24. Rfe1 Bd3 25. Re2 Qh4 26. Qd1 Bc4 27. f3 Qh2+
28. Kf1 Nxe3+ 0-1

[Event "Sydney International Open"]
[Site "Parramatta, NSW"]
[Date "2010.04.11"]
[Round "9.20"]
[White "Zulfic, Fedja"]
[Black "Nakauchi, Gene"]
[Result "1/2-1/2"]
[WhiteElo "2008"]
[BlackElo "2119"]
[PlyCount "91"]
[EventDate "2010.04.07"]
[EventType "swiss"]
[EventRounds "9"]
[EventCountry "AUS"]
[SourceDate "2010.04.07"]

1. d4 Nf6 2. c4 c5 3. d5 e6 4. Nc3 exd5 5. cxd5 d6 6. e4 g6 7. Bd3 Bg7 8. h3
O-O 9. Nf3 a6 10. a4 Nbd7 11. O-O Qe7 12. Re1 Re8 13. Bf4 Nh5 14. Bh2 Ne5 15.
Be2 Nxf3+ 16. Bxf3 Be5 17. Bxh5 Bxh2+ 18. Kxh2 Qe5+ 19. f4 Qxf4+ 20. Kh1 gxh5
21. Qxh5 Re5 22. Qe2 Bd7 23. Rf1 Qh4 24. Rf2 Rae8 25. Raf1 f5 26. Rf4 Qh6 27.
Qf3 Kh8 28. exf5 Re3 29. Qf2 b5 30. axb5 axb5 31. f6 Bxh3 32. Rh4 Bxg2+ 33.
Kxg2 Qg5+ 34. Kh2 b4 35. Rg1 Rf3 36. Rxg5 Rxf2+ 37. Kg3 Rxf6 38. Ne4 Rf1 39.
Nxd6 Rg1+ 40. Kf2 Rxg5 41. Nxe8 Rf5+ 42. Ke3 Re5+ 43. Kf4 Rxe8 44. Kf5 Re2 45.
d6 Rxb2 46. Rc4 1/2-1/2

[Event "Sydney International Open"]
[Site "Parramatta, NSW"]
[Date "2010.04.11"]
[Round "9.21"]
[White "Broekhuyse, Paul"]
[Black "Jule, Alexandra"]
[Result "1-0"]
[WhiteElo "2108"]
[BlackElo "1938"]
[PlyCount "67"]
[EventDate "2010.04.07"]
[EventType "swiss"]
[EventRounds "9"]
[EventCountry "AUS"]
[SourceDate "2010.04.07"]

1. e4 e6 2. d4 d5 3. Nc3 Nf6 4. e5 Nfd7 5. f4 c5 6. Nf3 Nc6 7. Be3 Qb6 8. Na4
Qa5+ 9. c3 b6 10. Kf2 Ba6 11. b3 Rc8 12. a3 Bxf1 13. Rxf1 cxd4 14. cxd4 b5 15.
Nc5 Nxc5 16. dxc5 b4 17. axb4 Qxb4 18. Ra4 Qc3 19. Qa1 Qc2+ 20. Kg3 Qxb3 21.
Ra3 Qb7 22. Rb1 Qd7 23. Rab3 Be7 24. Nd4 O-O 25. Rb7 Rc7 26. Rxc7 Qxc7 27. Nxc6
Qxc6 28. Qxa7 d4 29. Qxe7 dxe3 30. Qd6 Qa8 31. c6 h5 32. c7 e2 33. Kf2 Qe4 34.
Qxf8+ 1-0

[Event "Sydney International Open"]
[Site "Parramatta, NSW"]
[Date "2010.04.11"]
[Round "9.22"]
[White "Stead, Kerry"]
[Black "Gu, Sean"]
[Result "1/2-1/2"]
[WhiteElo "2087"]
[BlackElo "1819"]
[PlyCount "73"]
[EventDate "2010.04.07"]
[EventType "swiss"]
[EventRounds "9"]
[EventCountry "AUS"]
[SourceDate "2010.04.07"]

1. d4 Nf6 2. f3 d5 3. e4 dxe4 4. Nc3 exf3 5. Nxf3 g6 6. Bc4 Bg7 7. O-O O-O 8.
Qe1 Nc6 9. Qh4 Bf5 10. Be3 Nb4 11. Rac1 Nxc2 12. Bg5 Nb4 13. Ne5 Nc6 14. Nxc6
bxc6 15. Ne2 Qd7 16. h3 Ne4 17. Be3 h5 18. Rxf5 Qxf5 19. Rf1 Bf6 20. Qe1 Qd7
21. Bd3 Nd6 22. Qg3 Bg7 23. Qg5 Qe6 24. Rf3 f5 25. Nf4 Qf6 26. Nxg6 Qxg5 27.
Bxg5 Bxd4+ 28. Kh2 e5 29. Nxf8 Rxf8 30. Be7 Re8 31. Bxd6 cxd6 32. Rxf5 e4 33.
Be2 h4 34. b3 Re7 35. g4 Be5+ 36. Kg2 d5 37. Ba6 1/2-1/2

[Event "Sydney International Open"]
[Site "Parramatta, NSW"]
[Date "2010.04.11"]
[Round "9.25"]
[White "Jackson, Ralph"]
[Black "Ruan, Harry"]
[Result "1/2-1/2"]
[WhiteElo "2081"]
[BlackElo "1801"]
[PlyCount "85"]
[EventDate "2010.04.07"]
[EventType "swiss"]
[EventRounds "9"]
[EventCountry "AUS"]
[SourceDate "2010.04.07"]

1. d4 d5 2. Nf3 Nf6 3. e3 g6 4. b3 Bg7 5. Bb2 O-O 6. Bd3 Ne4 7. Nbd2 f5 8. c4
e6 9. O-O Nd7 10. Rc1 c6 11. b4 g5 12. b5 g4 13. Ne5 Nxe5 14. dxe5 Nxd2 15.
Qxd2 dxc4 16. Rxc4 cxb5 17. Rd4 Qe7 18. Rd6 Bd7 19. Bxf5 Rxf5 20. Rxd7 Qh4 21.
Rxg7+ Kxg7 22. Qd7+ Rf7 23. Qxe6 Raf8 24. g3 Qg5 25. Qb3 Kh6 26. Ba3 Qxe5 27.
Bxf8+ Rxf8 28. Qb4 Rg8 29. Rd1 Rg6 30. Rd7 Qf5 31. Qe7 Rg5 32. Rxb7 a6 33. Rb6+
Rg6 34. Qh4+ Qh5 35. Rxg6+ Kxg6 36. Qxh5+ Kxh5 37. Kf1 Kg5 38. Ke2 Kf5 39. Kd3
Ke5 40. Kc3 a5 41. a3 Kd5 42. Kd3 Ke5 43. Kd2 1/2-1/2